000 00268nam a2200121Ia 4500
005 20251222144832.0
008 251222s9999||||xx |||||||||||||| ||spa||
082 _a860/R78
100 _aRojas, Ricardo
245 0 _aRetablo espaƱol
264 _bLosada
942 _cLIB
999 _c20884
_d20884